Les pays de moins de 500 000 habitants - Statistiques

Statistiques générales
  • Ce quiz a été pris 249 fois
  • Le résultat moyen est 18 sur 27
Statistiques - réponses
Réponse % Correct
Vatican
94%
Andorre
89%
Monaco
89%
Liechtenstein
88%
Saint-Marin
85%
Tonga
77%
Tuvalu
75%
Vanuatu
75%
Micronésie
74%
Nauru
74%
Îles Marshall
73%
Samoa
72%
Kiribati
71%
Palaos
71%
Barbade
70%
Antigua-et-Barbuda
69%
Seychelles
69%
Dominique
68%
Grenade
65%
Sainte-Lucie
64%
Brunei
59%
Islande
57%
Bahamas
55%
Belize
51%
Saint-Vincent-et les grenadines
33%
Saint-Christophe-et-Niévès
32%
São Tomé-et-Principe
26%
Aucun quiz correspondant
Distribution des résultats
% des personnes avec chaque résultat
Percentile par nombre de réponses
Votre historique - résultats
Vous n’avez pas pris ce quiz